| 000 | 00814nam a2200277 a 4500 | ||
|---|---|---|---|
| 001 | 000019855 | ||
| 005 | 20200929170150.0 | ||
| 008 | 960520s1996 sp 000 1 spa | ||
| 010 | _a96150253 | ||
| 020 | _a842332656X | ||
| 035 | _a(SpBaP)pu 960001895 | ||
| 040 |
_aDO-SdBNP _cDLC |
||
| 082 |
_a863.64 _bM186m |
||
| 100 | 1 |
_aMaestre, Pedro _d1967- _942372 |
|
| 245 | 1 | 0 |
_aMatando dinosaurios con tirachinas / _cPedro Maestre. |
| 246 | 1 | 8 | _aMatando dinosaurios-- |
| 260 |
_aBarcelona : _bEdiciones Destino, _c1996. |
||
| 300 |
_a220 p. ; _c21 cm. |
||
| 490 | 1 |
_aÁncora y Delfin _v757 |
|
| 500 | _aIncluye premio nadal | ||
| 650 | 4 |
_aNovela española _91123 |
|
| 650 | 4 |
_aLiteratura española _9632 |
|
| 830 | 0 |
_aÁncora y Delfin; _v757 _942373 |
|
| 910 | _aCatalogación derivada / LC | ||
| 049 | _aBNGR | ||
| 999 |
_c19368 _d19368 |
||